LEADER 01637nam 2200373Ia 450 001 996395095503316 005 20210104171313.0 035 $a(CKB)3810000000016058 035 $a(EEBO)2240914622 035 $a(OCoLC)ocn422781666e 035 $a(OCoLC)422781666 035 $a(EXLCZ)993810000000016058 100 $a20090707d1590 uy 0 101 0 $aeng 135 $aurbn||||a|bb| 200 12$aA fourme of prayer with thankes giuing, to be vsed of all the Queenes Maiesties louing subiects euery yeere, the 17 of Nouember, being the day of her Highnesse entry to her kingdome$b[electronic resource] $eSet forth by authoritie. 210 $aImprinted at London $cby the deputies of Christopher Barker, printer to the Queenes Maiestie.$d1590. 215 $a[47] p 300 $aTitle within ornamental border (McK. & F. 165); headpiece, initials. 300 $aSignatures: A² B-Eâ´. 300 $aAt foot of t.p.: Cum gratia & priuilegio Regiae Maiestatis. 300 $aThis item is fifth in a group of twelve items bound and filmed together. 300 $aReproduction of original in: British Library. 330 $aeebo-0018 606 $aAccession service$vEarly works to 1800 615 0$aAccession service 700 $aBunny$b Edmund$f1540-1619.$01002895 712 02$aChurch of England. 801 0$bUMI 801 1$bUMI 906 $aBOOK 912 $a996395095503316 996 $aA fourme of prayer with thankes giuing, to be vsed of all the Queenes Maiesties louing subiects euery yeere, the 17 of Nouember, being the day of her Highnesse entry to her kingdome$92420195 997 $aUNISA LEADER 02224 am 2200649 n 450 001 9910341849403321 005 20190521 010 $a2-35768-081-4 024 7 $a10.4000/books.eua.1603 035 $a(CKB)4100000009382697 035 $a(FrMaCLE)OB-eua-1603 035 $a(oapen)https://directory.doabooks.org/handle/20.500.12854/44236 035 $a(PPN)240757661 035 $a(EXLCZ)994100000009382697 100 $a20191001j|||||||| ||| 0 101 0 $afre 135 $auu||||||m|||| 181 $ctxt$2rdacontent 182 $cc$2rdamedia 183 $acr$2rdacarrier 200 13$aLa créolisation, une vision moderne des mondes /$fGreg Germain 210 $aAvignon $cÉditions Universitaires d?Avignon$d2019 215 $a1 online resource (52 p.) 311 $a2-35768-008-3 330 $a« Nous avons longtemps pensé qu?après avoir été très européanisés, avec la négritude on voulait nous africaniser, et que nous n?arriverions jamais à être ce que nous sommes vraiment ». Relisant Aimé Césaire et « l?immense cri nègre », Greg Germain, Président du Festival Off d?Avignon, invite à réenchanter les cultures de la francophonie par l?imaginaire des langues et la créolisation des mondes. 606 $aTheater 606 $acréolisation 606 $anégritude 606 $afrancophonie 606 $aentretien 606 $aexpression artistique 606 $athéâtre 606 $ascène 610 $acréolisation 610 $anégritude 610 $afrancophonie 610 $ascène 610 $aexpression artistique 610 $athéâtre 610 $aentretien 615 4$aTheater 615 4$acréolisation 615 4$anégritude 615 4$afrancophonie 615 4$aentretien 615 4$aexpression artistique 615 4$athéâtre 615 4$ascène 700 $aGermain$b Greg$01306753 701 $aEthis$b Emmanuel$01286053 701 $aFabiani$b Jean-Louis$0533511 701 $aGermain$b Greg$01306753 801 0$bFR-FrMaCLE 906 $aBOOK 912 $a9910341849403321 996 $aLa créolisation, une vision moderne des mondes$93028547 997 $aUNINA